Normal view
MARC view
- Ratra,Avinash
Entry Personal Name
001 - CONTROL NUMBER
- control field: 278
003 - CONTROL NUMBER IDENTIFIER
- control field: JO-AjAnu
005 - DATE AND TIME OF LATEST TRANSACTION
- control field: 20230606070341.0
008 - FIXED-LENGTH DATA ELEMENTS
- fixed length control field: 230606|| aca||aabn | a|a d
040 ## - CATALOGING SOURCE
- Original cataloging agency: JO-AjAnu
- Transcribing agency: JO-AjAnu
100 ## - HEADING--PERSONAL NAME
- Personal name: Ratra,Avinash
670 ## - SOURCE DATA FOUND
- Source citation: Work cat.: (JO-AjAnu)145: Ratra,Avinash, author, MODERN MANAGEMENT:Diversity,Quality,Ethics and the Global Environment